000 02508cam a22004574i 4500
003 PE-LiUPU
005 20250731173131.0
008 150623s1997 ag r 000 0 spa d
035 _a(Sirsi) a26367
040 _aPE-LiUPU
_bspa
_cPE-LiUPU
_erda
049 _aPRUA
082 0 4 _a231.74
_bC75
_221
100 1 _aCoon, Roger,
_eautor.
245 1 3 _aLa dinámica de la inspiración y la revelación :
_ben la Biblia y en los escritos de Elena G. de White /
_cRoger Coon.
264 1 _aEntre Ríos, Argentina :
_bCentro de Investigación White,
_c1997.
300 _a229 páginas ;
_c21 centímetros
336 _atext
_2rdacontent
337 _aunmediated
_2rdamedia
338 _avolume
_2rdacarrier
505 0 _aEl funcionamiento del don profético -- Definiciones -- Un don operante -- Tres teorías de la inspiración-revelación -- El propósito de la inspiración-revelación -- Infalibilidad: puede equivocarse un verdadero profeta? -- La relación entre los escritos de Elena G. de White y la Biblia -- La analogía de la "luz mayor" y la "luz menor" -- El modelo de relación de Jemison -- Elena de White y el desarrollo de la doctrina adventista del séptimo día -- "La Biblia y sólo la Biblia" -- Hermenéutica: cómo interpretar a un profeta del siglo diecinueve en la era espacial -- Un modelo integrado para la aplicación hermenéutica -- Clave de abreviaturas de los libros de Elena de White.
526 _aSEG42
526 _aSEG41
526 _aSEG40
526 _aSEG39
526 _aP94
526 _aP87
526 _aP86
526 _aP85
526 _aP77
526 _aP76
526 _aP35
650 0 4 _aIASD
_xOrientación profética.
942 _2ddc
_cBOOK
949 _a231.74 C75
_wDEWEY
_c1
_i38457
_lCCODEBUL1
_mBUL
_p3.00
_r0
_sY
_tBOOK
_u2015-06-24
_xBIBLIOTECA
_PP35
_0COMPRA
_o.STAFF. Colección Teología
949 _a231.74 C75
_wDEWEY
_c2
_i30792
_lCCODEBUL1
_mBUL
_p3.00
_r0
_sY
_tBOOK
_u2015-06-24
_xBIBLIOTECA
_PP35
_0COMPRA
_o.STAFF. Colección Teología
596 _a1 4
999 _a231.74 C75
_wDEWEY
_c33390
_i30792
_d33390
_e2018-6-11
_f2021-11-11
_g5
_lCCODEBUL1
_mBUL
_n9
_p3.00
_q1
_r0
_sY
_tBOOK
_u2015-6-24
_xTEOLOGIA
_PP35
_0COMPRA
_o.STAFF. Colección Teología
999 _a231.74 C75
_wDEWEY
_c1
_i38457
_d2019-8-21
_e2019-1-16
_f2019-12-10
_g4
_lCCODECWL1
_mBWL
_n7
_p3.00
_q6
_r1
_sY
_tBOOK
_u2015-6-24
_xTEOLOGIA
_PP35
_0COMPRA
_o.STAFF. Colección Teología
980 _81
_gALBERTO SANCHEZ Responsable de Automatización